000 00946nam a22002771a 4500
001 28261
003 BD-RjUL
005 20211209051246.0
008 140330r19611934enk 000 0 eng
035 _a(BD-RjUL)28342
035 _a(OCoLC)7770376
040 _aDLC
_cCLF
_dOCoLC
_dDLC
_dBD-RjUL
_beng
041 _aeng
082 0 0 _a823.912
_221
_bCHM 1961
100 1 _aChristie, Agatha,
_d1890-1976.
_964662
245 1 0 _aMurder on the Orient Express /
_cAgatha Christie.
260 _aLondon :
_bPub. for the Crime Club, ltd., by Collins,
_c1934 [Impression 1961].
300 _a192 p. ;
_c19 cm.
650 0 _aPoirot, Hercule (Fictitious character)
_xFiction.
_964663
650 0 _aPrivate investigators
_zEngland
_xFiction.
_964664
650 0 _aOrient Express (Express train)
_vFiction.
_986550
655 7 _aDetective and mystery stories.
_2gsafd
_986553
942 _2ddc
_cBK
999 _c28261
_d28261